000 02557nam0a2200373 i 4500
001 RU\NLR\BIBL_A\010806327
005 20241101235603.0
010 _a9785903111947
_9100
021 _aRU
_b2015-45335
_92698
035 _a(NILC)RuMoRGB-007958288
035 _a(NLR Aleph) 010806327
090 _a10183451
_c10183451
100 _a20150717d2015 k y0rusy50 ca
101 0 _arus
102 _aRU
105 _aac||z|||110y0
200 1 _aВрачебно-летная экспертиза вооруженных сил: история становления и перспективы развития
_eсборник статей и тезисов докладов научно-практической конференции, посвященной 65-летию Центральной врачебно-летной комиссии
_f[редкол.: Вовкодав Виктор Сергеевич, к.м.н. (отв. ред.) и др.]
210 _aМосква
_cИД Академии Жуковского
_d2015
215 _a282 с.
_cил., цв. ил., портр.
_d21
300 _aВ надзаг.: Глав. центр воен.-врачеб. экспертизы М-ва обороны Рос. Федерации, Науч.-исслед. испытат. центр (авиац.-косм. медицины и воен. эргономики) Центр. науч.-исслед. ин-та ВВС, Фил. № 1 (7 ЦВКАГ) ФГКУ "Глав. клин. госпиталь им. акад. Н Н. Бурденко" М-ва обороны Рос. Федерации
320 _aБиблиогр. в конце ст.
606 _aЛетчики
_jСборники
_xМедицинское освидетельствование
_91049947
_3RU\NLR\AUTH\6687627
606 _aАвиационная медицина
_jСборники
_91080559
_3RU\NLR\AUTH\66103437
686 1 _aР124.526я43
686 1 _aР86я43
686 1 _aЦ7,6(2)622.2я43
702 1 _aВовкодав
_bВ. С.
_gВиктор Сергеевич
_4340
711 1 2 _a"Врачебно-летная экспертиза вооруженных сил: история становления и перспективы развития", научно-практическая конференция
_eМосква
_f2015
_9476763
_3RU\NLR\AUTH\880404961
801 0 _aRU
_bРГБ
_c20150622
_gRCR
801 2 _aRU
_bРГБ
_c20150630
_grcr
942 _cBOOK
980 _aNBR